000 00669nam a2200241Ia 4500
003 OSt
005 20220918190238.0
006 a|||||r|||| 00| 0
007 ta
008 220917b |||||||| |||| 00| 0 eng d
024 _a55,507
037 _cTextual
040 _aARTS
_cARTS
_beng
041 _2eng
_aeng
082 _aP28:5:A, M7
100 _aMehdi Ali A S
_971644
245 0 _aLinguistic study of the development of scientific vocabulry in standard Arabic
260 _aLondon
_bKeagan Paul
_c1987
300 _axv, 162p.
_ccm.
650 _aLINGUISTICS
942 _hP28:5:A, M7
_cTEXL
_2CC
999 _c183999
_d183999